000 00281nam a2200109Ia 4500
008 220120s9999||||xx |||||||||||||| ||und||
020 _a978-93-85291-01-2
100 _aGodse, A.P
_91195
245 0 _aDigital electronics fundamentals
300 _a224p;
_b280
650 _aMATHEMATICS
999 _c136593
_d136593